The linguistics of sign languages. An introduction

I tiakina i:
Ngā taipitopito rārangi puna kōrero
Ngā kaituhi matua: Baker, Anne (Author), Bogaerde, Beppie van den (Author), Pfau, Roland (Author), Schermer, Trude (Author)
Hōputu: Pukapuka
Reo:Ingarihi
I whakaputaina: Amsterdam, The Netherlands John Benjamin Publishing Company 2016
Ngā marau:
Ngā Tūtohu: Tāpirihia he Tūtohu
Kāore He Tūtohu, Me noho koe te mea tuatahi ki te tūtohu i tēnei pūkete!

MARC

LEADER 00000cam a2200000 a 4500
001 UCC9802
003 CL-VaPUC
005 20210506143712.0
008 191111e20160000ne eng d
999 |c 1687  |d 1687 
020 |a 9789027212313 
040 |c Pontificia Universidad Católica de Valparaíso 
082 0 4 |a 419.07 BAK 2016  |2 21 
100 1 |a Baker, Anne  |e author  |9 605125 
245 1 4 |a The linguistics of sign languages.  |b An introduction 
260 |a Amsterdam, The Netherlands  |b John Benjamin Publishing Company  |c 2016 
300 |a 378 páginas 
583 |a last modification  |c 20191111 01:17:00  |k cmena 
650 0 0 |a Lenguaje de señas   |9 467152  |x Estudio y enseñanza 
650 0 0 |a Investigación lingüística  |9 329785 
700 1 |a Bogaerde, Beppie van den  |e author  |9 605126 
700 1 |a Pfau, Roland  |e author  |9 605127 
700 1 |a Schermer, Trude  |e author  |9 605128 
852 |a BIBCUR 
942 |c BK  |2 ddc 
945 |a dcastane  |d 20191111 01:17:00 
952 |0 0  |1 0  |3 erb  |4 0  |6 419_070000000000000_BAK_2016  |7 0  |8 A  |9 495399  |a BIBEDU  |b BIBEDU  |d 2019-10-17  |e 1  |g 65313.00  |i 5565030  |o 419.07 BAK 2016  |p 5565030  |r 2020-01-06  |v 65313.00  |w 2020-01-06  |y BK  |z Catalogado en:20191111  |k LIT